| 000 | 00446nam a2200157Ia 4500 | ||
|---|---|---|---|
| 008 | 230312s9999||||xx |||||||||||||| ||und|| | ||
| 020 | _a978-81-203-2954 | ||
| 082 |
_a004.16 _bMAZ-M |
||
| 100 | _aMazidi, Muhammad Ali . | ||
| 245 | 0 | _a8051 Microcontroller and Embedded Systems | |
| 260 |
_bPrentice Hall _aNew Delhi _c2007 |
||
| 300 | _a626 | ||
| 546 | _aEng. | ||
| 650 |
_aEngineering _vIntroduction to Computing , Port Programming |
||
| 942 | _cBK | ||
| 999 |
_c3424 _d3424 |
||